[Event "Sparkassen-Open A"]
[Site "Heusenstamm, Martinsee"]
[Date "2019.11.23"]
[Round "5.63"]
[White "Lutterbach, Jakob"]
[Black "Pfeffer, Marko"]
[Result "1/2-1/2"]
[WhiteElo "1707"]
[BlackElo "2027"]
[PlyCount "91"]
[EventDate "2019.??.??"]
[WhiteTeam "SK Bingen"]
[BlackTeam "SC Bergen-Enkheim"]

1. e4 c5 2. c3 e6 3. d4 d5 4. exd5 exd5 5. Nf3 Nf6 6. Bb5+ Bd7 7. Bxd7+ Nbxd7
8. O-O Be7 9. dxc5 Nxc5 10. Nbd2 O-O 11. Nb3 Nce4 12. Be3 Qd7 13. Bd4 Qf5 14.
Bxf6 Bxf6 15. Nfd4 Qd7 16. Qd3 Rfc8 17. Rfd1 Rd8 18. Qf3 g6 19. Nd2 Bxd4 20.
cxd4 Nxd2 21. Rxd2 Re8 22. Re2 Rxe2 23. Qxe2 Re8 24. Qd2 Qe6 25. h3 Qe2 26. Qb4
b6 27. Rc1 Kg7 28. Qc3 h5 29. a4 h4 30. b3 Re6 31. Rf1 a5 32. Rc1 Re4 33. Ra1
g5 34. Rc1 Re6 35. Qf3 Qd2 36. Rd1 Qe2 37. Rc1 Qxf3 38. gxf3 Kf6 39. Kg2 Kf5
40. Rc7 f6 41. Rd7 Rc6 42. Rxd5+ Ke6 43. Rb5 Rd6 44. Kf1 Rxd4 45. Rxb6+ Ke5 46.
Ke2 1/2-1/2

[Event "Sparkassen-Open A"]
[Site "Heusenstamm, Martinsee"]
[Date "2019.11.23"]
[Round "5.64"]
[White "Schellenberger, Dirk"]
[Black "Richter, Gerald"]
[Result "0-1"]
[WhiteElo "1659"]
[BlackElo "2024"]
[PlyCount "100"]
[EventDate "2019.??.??"]
[WhiteTeam "Aschaffenburg-Schweinheim"]
[BlackTeam "Siegener SV"]

1. c4 c5 2. Nc3 Nc6 3. g3 g6 4. Bg2 Bg7 5. Rb1 e6 6. Nf3 Nge7 7. O-O O-O 8. a3
a5 9. e3 d5 10. cxd5 exd5 11. d3 h6 12. Re1 Be6 13. Qc2 b6 14. Nb5 Qd7 15. Bd2
Rac8 16. a4 Rfd8 17. Rbc1 Bg4 18. Qb1 g5 19. Kf1 Qf5 20. Ng1 Qg6 21. f3 Be6 22.
Red1 f5 23. f4 Qf6 24. b3 Qf7 25. fxg5 hxg5 26. Nf3 Bf6 27. Na3 g4 28. Ng1 Qg7
29. Nb5 Bg5 30. Ne2 Qh6 31. Kf2 d4 32. Nf4 Bxf4 33. exf4 Bd5 34. Rh1 Bxg2 35.
Kxg2 Nd5 36. Rce1 Qh3+ 37. Kf2 Ncb4 38. Re5 Re8 39. Bxb4 axb4 40. Rxe8+ Rxe8
41. Qf1 Qh6 42. Qc1 Ne3 43. Ke2 Qc6 44. Qg1 Nc4+ 45. Kd1 Qf3+ 46. Kc1 Ne3 47.
Qe1 Qg2 48. Nxd4 cxd4 49. Kb1 Qc2+ 50. Ka1 Qxb3 0-1

[Event "Sparkassen-Open A"]
[Site "Heusenstamm, Martinsee"]
[Date "2019.11.23"]
[Round "5.65"]
[White "Füssel, Jan Michael"]
[Black "Özdemir, Ali Özden"]
[Result "0-1"]
[WhiteElo "1792"]
[BlackElo "2017"]
[PlyCount "82"]
[EventDate "2019.??.??"]
[WhiteTeam "VSG Offenbach"]
[BlackTeam "SK Langen"]

1. b3 Nf6 2. Bb2 d6 3. Nf3 g6 4. e3 Bg7 5. c4 O-O 6. Be2 e5 7. O-O Nbd7 8. Nc3
Re8 9. d3 Nf8 10. Rc1 N6d7 11. e4 f5 12. d4 exd4 13. Nxd4 fxe4 14. Bg4 Nc5 15.
f3 Nd3 16. Rc2 Bxd4+ 17. Kh1 Bg7 18. Ba1 Nb4 19. Re2 e3 20. Bxc8 Rxc8 21. Ne4
d5 22. Bxg7 dxe4 23. Qa1 Qd7 24. Bh6 exf3 25. Rxf3 Nd3 26. h3 Nc5 27. b4 Nce6
28. Rfxe3 Red8 29. Qf6 Qf7 30. Qc3 Rd1+ 31. Kh2 Rf1 32. Rd2 Rd8 33. Rxd8 Nxd8
34. Re8 Nde6 35. Ra8 c6 36. Qe5 g5 37. Rxf8+ Nxf8 38. Bxg5 Qe6 39. Qg3 Ng6 40.
Qb8+ Rf8 41. Qg3 Qe5 0-1

[Event "Sparkassen-Open A"]
[Site "Heusenstamm, Martinsee"]
[Date "2019.11.23"]
[Round "5.66"]
[White "Vlassis, Georgios"]
[Black "Wachsmann, Elmar"]
[Result "1-0"]
[WhiteElo "2017"]
[BlackElo "1777"]
[PlyCount "101"]
[EventDate "2019.??.??"]
[WhiteTeam "SACH Thessaloniki"]
[BlackTeam "SC Groß-Umstadt"]

1. e4 e5 2. Nf3 Nc6 3. Nc3 Nf6 4. Be2 Bc5 5. Nxe5 Nxe5 6. d4 Bd6 7. dxe5 Bxe5
8. Qd3 h6 9. O-O O-O 10. f4 Bxc3 11. bxc3 d5 12. e5 Ne4 13. c4 c6 14. cxd5 Qxd5
15. Qxd5 cxd5 16. Bf3 f5 17. exf6 Nxf6 18. Bb2 Bf5 19. Bxf6 Rxf6 20. Bxd5+ Kh7
21. c4 Rc8 22. a4 a5 23. Rfe1 Kh8 24. g3 Rb6 25. Re5 Bd3 26. Re3 Bc2 27. Rc1
Bf5 28. Ree1 Rc7 29. Re5 Bg4 30. Be4 Rc8 31. Rxa5 Rb4 32. Ra7 b6 33. Rb7 Be6
34. Bd3 Kg8 35. c5 Rxc5 36. Rxc5 bxc5 37. Rxb4 cxb4 38. a5 Bc8 39. Kf2 b3 40.
Ke3 Kf8 41. Kd4 Bb7 42. Kc4 Ba6+ 43. Kc3 b2 44. Bb1 Ke7 45. Kxb2 Kd6 46. Kc3
Kc5 47. Bd3 Bb7 48. a6 Bg2 49. Bf5 Bf3 50. Bc8 Kb6 51. Kd4 1-0

[Event "Sparkassen-Open A"]
[Site "Heusenstamm, Martinsee"]
[Date "2019.11.23"]
[Round "5.67"]
[White "Junker, Christian"]
[Black "Rüll, Michael"]
[Result "1-0"]
[WhiteElo "2011"]
[BlackElo "1742"]
[PlyCount "57"]
[EventDate "2019.??.??"]
[WhiteTeam "SV Neu-Isenburg"]
[BlackTeam "SC Obertshausen"]

1. Nf3 Nf6 2. g3 g6 3. d3 Bg7 4. Bg2 O-O 5. e4 d6 6. O-O Nc6 7. Re1 e5 8. c3
Re8 9. a4 Be6 10. b4 d5 11. Qe2 dxe4 12. dxe4 Nh5 13. Ng5 a6 14. Nxe6 Rxe6 15.
Bf1 Rd6 16. Na3 b5 17. Be3 f5 18. axb5 f4 19. Bc5 Rd2 20. Qg4 fxg3 21. hxg3
axb5 22. Bxb5 Qf6 23. Nc4 Rxa1 24. Rxa1 Rd8 25. Ne3 Ne7 26. Bc4+ Kh8 27. Ra6
Qf8 28. Kg2 Bh6 29. Nd5 1-0

[Event "Sparkassen-Open A"]
[Site "Heusenstamm, Martinsee"]
[Date "2019.11.23"]
[Round "5.68"]
[White "Fuß, Jean-Pierre"]
[Black "Pohle, Saskia"]
[Result "1-0"]
[WhiteElo "2008"]
[BlackElo "1695"]
[PlyCount "37"]
[EventDate "2019.??.??"]
[WhiteTeam "SV Turm Sankt Augustin"]
[BlackTeam "Muldental Wilkau-Haßlau"]

1. d4 Nf6 2. Nf3 g6 3. g3 Bg7 4. Bg2 d5 5. O-O O-O 6. c4 c5 7. cxd5 cxd4 8.
Nxd4 Nxd5 9. e3 e6 10. Bd2 b6 11. Nc3 Bb7 12. Qb3 Nc6 13. Nxc6 Bxc6 14. Rfd1
Ne7 15. Ne4 Bd5 16. Qa3 Rc8 17. Bb4 Rc7 18. Nc3 Rd7 19. e4 1-0

[Event "Sparkassen-Open A"]
[Site "Heusenstamm, Martinsee"]
[Date "2019.11.23"]
[Round "5.69"]
[White "Blübaum, Johanna"]
[Black "Buchholz, Maja"]
[Result "1-0"]
[WhiteElo "1981"]
[BlackElo "1552"]
[PlyCount "79"]
[EventDate "2019.??.??"]
[WhiteTeam "SK Marburg"]
[BlackTeam "SK Langen"]

1. d4 Nf6 2. c4 c5 3. d5 g6 4. Nc3 Bg7 5. e4 d6 6. Bd3 O-O 7. Nf3 e6 8. O-O
exd5 9. exd5 Bg4 10. h3 Bxf3 11. Qxf3 Ne8 12. Ne4 Qc7 13. Qe2 Nd7 14. Bf4 Ne5
15. Bc2 h6 16. Bg3 f5 17. f4 Nxc4 18. Qxc4 Bxb2 19. Rab1 Bd4+ 20. Nf2 a6 21. a4
Nf6 22. Kh1 Rab8 23. Nd3 Ne4 24. Be1 b6 25. Nc1 Rfe8 26. Qxa6 Bc3 27. Bxe4 Bxe1
28. Rxe1 fxe4 29. Qc4 Qd7 30. Rxe4 Qf5 31. Rxe8+ Rxe8 32. Rxb6 Re4 33. Rb8+ Kf7
34. Rb7+ Kf8 35. Qc3 Rd4 36. Ne2 Qc8 37. Nxd4 Qxb7 38. Ne6+ Ke8 39. Qh8+ Kd7
40. Qd8# 1-0

[Event "Sparkassen-Open A"]
[Site "Heusenstamm, Martinsee"]
[Date "2019.11.23"]
[Round "5.70"]
[White "Werner, Rosalie"]
[Black "Wuerl, Roland"]
[Result "0-1"]
[WhiteElo "1592"]
[BlackElo "1876"]
[PlyCount "104"]
[EventDate "2019.??.??"]
[WhiteTeam "VSG Offenbach"]
[BlackTeam "SK Dieburg"]

1. e4 c5 2. Nf3 Nc6 3. d4 cxd4 4. Nxd4 Nf6 5. Nc3 d6 6. Bc4 e6 7. Bb3 a6 8. Be3
Be7 9. f4 O-O 10. Qf3 Qc7 11. O-O-O Na5 12. g4 b5 13. g5 Nxb3+ 14. Nxb3 Nd7 15.
h4 b4 16. Ne2 Bb7 17. Ng3 d5 18. Rh2 dxe4 19. Nxe4 Rfc8 20. Bd4 a5 21. Kb1 a4
22. Nc1 Qc6 23. Re2 Bc5 24. Qe3 Bf8 25. Nf2 Nc5 26. Qd2 Rab8 27. Be5 Ra8 28.
Qe3 Ba6 29. Red2 Bc4 30. b3 axb3 31. cxb3 Bd5 32. Rc2 Qa6 33. Rdd2 Qb7 34. h5
Ne4 35. Nxe4 Bxe4 36. Nd3 Rxc2 37. Rxc2 Rd8 38. Rd2 Qd5 39. Kc2 Bf5 40. Qe2 Qh1
41. Kb2 Qa8 42. Kb1 Qa6 43. Ka1 Rxd3 44. Bb2 Rxd2 45. Qxd2 Qf1+ 46. Qc1 Qxc1+
47. Bxc1 Bg4 48. a4 bxa3 49. Ka2 Bxh5 50. Bxa3 Bxa3 51. Kxa3 Kf8 52. Ka4 Bd1
0-1

[Event "Sparkassen-Open A"]
[Site "Heusenstamm, Martinsee"]
[Date "2019.11.23"]
[Round "5.71"]
[White "Ramien, David"]
[Black "Fröhlich-Dill, Astrid"]
[Result "1-0"]
[WhiteElo "2228"]
[BlackElo "1871"]
[PlyCount "31"]
[EventDate "2019.??.??"]
[WhiteTeam "SG Porz"]
[BlackTeam "SV Hofheim"]

1. e4 e6 2. d4 b6 3. Nf3 Bb7 4. Bd3 c5 5. c3 cxd4 6. cxd4 Nc6 7. Nc3 Bb4 8. O-O
Bxc3 9. bxc3 h6 10. Ba3 Nge7 11. e5 Rc8 12. Nd2 Na5 13. Rc1 O-O 14. Qg4 Re8 15.
Rfe1 a6 16. Re3 1-0

[Event "Sparkassen-Open A"]
[Site "Heusenstamm, Martinsee"]
[Date "2019.11.23"]
[Round "5.72"]
[White "Tietzen, Stefan"]
[Black "Kleibel, Uwe"]
[Result "1/2-1/2"]
[WhiteElo "1875"]
[BlackElo "2193"]
[PlyCount "140"]
[EventDate "2019.??.??"]
[WhiteTeam "SK Gernsheim"]
[BlackTeam "SF Sailauf"]

1. e4 c5 2. Nf3 Nc6 3. d4 cxd4 4. Nxd4 Nf6 5. Nc3 e5 6. Ndb5 d6 7. Bg5 a6 8.
Na3 b5 9. Nd5 Be7 10. Bxf6 Bxf6 11. c3 O-O 12. Nc2 Rb8 13. Bd3 Bg5 14. Nce3
Bxe3 15. Nxe3 Ne7 16. O-O Kh8 17. Qe2 Qb6 18. Kh1 Ng6 19. Nd5 Qd8 20. f4 exf4
21. Nxf4 Ne5 22. h3 Qh4 23. Bc2 g5 24. Qh5 Qxh5 25. Nxh5 Nc4 26. b3 Ne3 27. Rf2
d5 28. Nf6 Nxc2 29. Rxc2 dxe4 30. Nxe4 h6 31. Nf6 Rb6 32. Rf1 Rd8 33. c4 bxc4
34. bxc4 Kg7 35. Nd5 Rbd6 36. Ne7 Rd1 37. Kg1 Rxf1+ 38. Kxf1 Be6 39. c5 f5 40.
Nc6 Re8 41. Nd4 Bc8 42. Re2 Rxe2 43. Kxe2 Kf6 44. a4 Bb7 45. c6 Bc8 46. Ke3 Ke5
47. Kd3 Kd5 48. Kc3 f4 49. Kd3 h5 50. Nf3 g4 51. hxg4 hxg4 52. Nd4 a5 53. c7
Ba6+ 54. Nb5 Kc6 55. Ke4 Kd7 56. Nd4 f3 57. Nxf3 Bb7+ 58. Kf4 gxf3 59. gxf3
Kxc7 60. Ke3 Kd6 61. Kd4 Bd5 62. Kc3 Kc5 63. f4 Bc6 64. Kb3 Kd4 65. f5 Be8 66.
f6 Bf7+ 67. Ka3 Kc4 68. Kb2 Kb4 69. Ka1 Kb3 70. Kb1 Kc3 1/2-1/2

[Event "Sparkassen-Open A"]
[Site "Heusenstamm, Martinsee"]
[Date "2019.11.23"]
[Round "5.73"]
[White "Eg, Karlheinz"]
[Black "Zhou, David"]
[Result "1-0"]
[WhiteElo "1861"]
[BlackElo "2141"]
[PlyCount "63"]
[EventDate "2019.??.??"]
[WhiteTeam "SV Rüsselsheim"]
[BlackTeam "Quebec"]

1. e4 c5 2. Nf3 g6 3. d4 cxd4 4. Nxd4 Nf6 5. Nc3 Nc6 6. Be2 Bg7 7. Be3 O-O 8.
O-O d5 9. Nxc6 bxc6 10. e5 Nd7 11. f4 e6 12. Qd2 c5 13. Nb5 Ba6 14. a4 d4 15.
Bf2 f6 16. exf6 Nxf6 17. Bc4 Nd5 18. Qe1 Qd7 19. g3 Rae8 20. Qa5 Bb7 21. Nxa7
Nb4 22. Qxc5 Ba8 23. Qxb4 Qxa7 24. Qb5 Kh8 25. Rfe1 e5 26. fxe5 Rb8 27. Qa6 Qc5
28. Bd3 Bh6 29. Qd6 Qa7 30. Bxd4 Qb7 31. Be4 Rf1+ 32. Kxf1 1-0

[Event "Sparkassen-Open A"]
[Site "Heusenstamm, Martinsee"]
[Date "2019.11.23"]
[Round "5.74"]
[White "Weise, Martin"]
[Black "Knödler, Marcel"]
[Result "1-0"]
[WhiteElo "2118"]
[BlackElo "1809"]
[PlyCount "33"]
[EventDate "2019.??.??"]
[WhiteTeam "SC Fulda"]
[BlackTeam "FC Bierstadt"]

1. Nf3 d5 2. d4 Nf6 3. Bf4 c5 4. e3 Nc6 5. Nbd2 e6 6. c3 Bd6 7. Bg3 O-O 8. Bd3
Re8 9. Ne5 Qc7 10. f4 Bxe5 11. fxe5 Nd7 12. O-O Nf8 13. Qh5 Ng6 14. Nf3 Nd8 15.
Ng5 h6 16. Nxf7 Nxf7 17. Qxg6 1-0

[Event "Sparkassen-Open A"]
[Site "Heusenstamm, Martinsee"]
[Date "2019.11.23"]
[Round "5.75"]
[White "Neurohr, Jürgen"]
[Black "Walbrecht, Quirin"]
[Result "1-0"]
[WhiteElo "2111"]
[BlackElo "1856"]
[PlyCount "26"]
[EventDate "2019.??.??"]
[WhiteTeam "SF Mainz"]
[BlackTeam "FC Bayern München"]

1. d4 Nf6 2. c4 g6 3. Nc3 d5 4. cxd5 Nxd5 5. e4 Nxc3 6. bxc3 Bg7 7. Nf3 c5 8.
Rb1 Qa5 9. Rb5 Qxc3+ 10. Bd2 Qa3 11. Qc2 O-O 12. Ra5 Qxa5 13. Bxa5 cxd4 1-0

[Event "Sparkassen-Open A"]
[Site "Heusenstamm, Martinsee"]
[Date "2019.11.23"]
[Round "5.76"]
[White "Altenbernd, Dirk"]
[Black "Rondonuwu, Grover"]
[Result "0-1"]
[WhiteElo "1836"]
[BlackElo "2106"]
[PlyCount "68"]
[EventDate "2019.??.??"]
[WhiteTeam "SK Tönsberg Oerlinghausen"]
[BlackTeam "Frankfurter TV"]

1. c4 e5 2. g3 Nc6 3. Bg2 f5 4. Nc3 Bb4 5. Nd5 Bc5 6. e3 Nf6 7. Ne2 e4 8. d4
Nxd5 9. cxd5 Bb4+ 10. Bd2 Bxd2+ 11. Qxd2 Ne7 12. Nc3 b6 13. f3 exf3 14. Bxf3
Bb7 15. O-O O-O 16. d6 Nc6 17. dxc7 Qxc7 18. Nd5 Qd6 19. Nf4 Rae8 20. Rfe1 Na5
21. Bxb7 Nxb7 22. Re2 Nd8 23. Rae1 Nf7 24. Nh3 Qd5 25. Qb4 Qxa2 26. b3 Qa6 27.
e4 fxe4 28. Rxe4 Rxe4 29. Rxe4 Ng5 30. Qxf8+ Kxf8 31. Nxg5 h6 32. Nf3 Qd3 33.
Rf4+ Ke7 34. Ne5 Qxb3 0-1

[Event "Sparkassen-Open A"]
[Site "Heusenstamm, Martinsee"]
[Date "2019.11.23"]
[Round "5.77"]
[White "Köllner, Christof"]
[Black "Wimmer, Thomas"]
[Result "1-0"]
[WhiteElo "2088"]
[BlackElo "1836"]
[PlyCount "67"]
[EventDate "2019.??.??"]
[WhiteTeam "SV Bergneustadt/Derschlag"]
[BlackTeam "SK Marburg"]

1. d4 Nf6 2. Nf3 g6 3. Nbd2 d5 4. e3 Bg7 5. b4 O-O 6. Bb2 c6 7. c4 Bg4 8. Be2
a5 9. b5 dxc4 10. Bxc4 a4 11. bxc6 Nxc6 12. O-O Qa5 13. Rc1 Rfd8 14. Bc3 Qh5
15. Rb1 Nd5 16. Ba1 e5 17. Rxb7 exd4 18. e4 Na5 19. Bxd5 Rxd5 20. Qxa4 Rg5 21.
Nxg5 Qxg5 22. f4 Qc5 23. Rb5 Qc6 24. Rfb1 h5 25. Rb8+ Rxb8 26. Rxb8+ Kh7 27.
Qxc6 Nxc6 28. Rb6 Na5 29. e5 Be6 30. a4 d3 31. Bc3 Nc4 32. Rxe6 Nxd2 33. Rd6
Bf8 34. Bxd2 1-0

[Event "Sparkassen-Open A"]
[Site "Heusenstamm, Martinsee"]
[Date "2019.11.23"]
[Round "5.78"]
[White "Bittner, Peter"]
[Black "Schlößner, Henrik"]
[Result "0-1"]
[WhiteElo "1870"]
[BlackElo "2076"]
[PlyCount "48"]
[EventDate "2019.??.??"]
[WhiteTeam "SC Nied"]
[BlackTeam "SK Gründau"]

1. d4 Nf6 2. Bf4 e6 3. Nf3 d5 4. e3 Bd6 5. Bg3 O-O 6. Nbd2 c5 7. dxc5 Bxc5 8.
Bd3 Nc6 9. c3 Re8 10. O-O e5 11. e4 Bg4 12. b4 Bd6 13. b5 Ne7 14. Qb1 Rc8 15.
Nxe5 Bxe5 16. Bxe5 Ng6 17. Bd4 Nf4 18. e5 Ne4 19. Nxe4 dxe4 20. Bxe4 Qg5 21.
Kh1 f5 22. Bxb7 Rc7 23. Bc6 Rxc6 24. bxc6 Bf3 0-1

[Event "Sparkassen-Open A"]
[Site "Heusenstamm, Martinsee"]
[Date "2019.11.23"]
[Round "5.79"]
[White "Feicht, Arno"]
[Black "Gebhardt, Ulrich"]
[Result "0-1"]
[WhiteElo "1851"]
[BlackElo "2072"]
[PlyCount "92"]
[EventDate "2019.??.??"]
[WhiteTeam "SV Alsfeld"]
[BlackTeam "SK Ettlingen"]

1. e4 e5 2. f4 exf4 3. Nf3 Be7 4. Bc4 Nf6 5. e5 Ng4 6. O-O d6 7. d4 dxe5 8. h3
e4 9. Ne1 Ne5 10. Be2 Nec6 11. c3 g5 12. Nd2 e3 13. Ndf3 Bd6 14. b4 Qf6 15. Bd3
Qg7 16. Qa4 Bd7 17. Qb5 Nxd4 18. Qxb7 Bc6 19. Qc8+ Ke7 20. Nxd4 Rxc8 21. Nf5+
Kf8 22. Nxg7 Kxg7 23. Bb2 Nd7 24. b5 Bb7 25. Nf3 f6 26. Bf5 Rd8 27. Nd4 Nf8 28.
Bg4 Bc5 29. Rae1 Bd5 30. Bf3 Bxd4 31. cxd4 Bxf3 32. gxf3 Ne6 33. Rc1 Rd5 34. a4
Kf7 35. Rfd1 f5 36. Kf1 h5 37. Ke2 Rad8 38. Rc6 g4 39. h4 R8d7 40. Rc4 Ke8 41.
Rc6 Nxd4+ 42. Bxd4 Rxd4 43. Rxd4 Rxd4 44. Rxc7 Rd2+ 45. Ke1 gxf3 46. Rc8+ Kd7
0-1

[Event "Sparkassen-Open A"]
[Site "Heusenstamm, Martinsee"]
[Date "2019.11.23"]
[Round "5.80"]
[White "Rieger, Mario"]
[Black "Heß, Steffen"]
[Result "0-1"]
[WhiteElo "1849"]
[BlackElo "2028"]
[PlyCount "38"]
[EventDate "2019.??.??"]
[WhiteTeam "MS Halver-Schalksmühle"]
[BlackTeam "SC Groß-Zimmern"]

1. d4 Nf6 2. Nf3 g6 3. c4 Bg7 4. Nc3 O-O 5. e4 d6 6. Be2 e5 7. Be3 Ng4 8. Qd2
Nxe3 9. Qxe3 Nc6 10. d5 Nd4 11. Qd2 c5 12. O-O f5 13. exf5 gxf5 14. Qd1 Kh8 15.
a3 Rg8 16. Rc1 Bh6 17. Rb1 Qf6 18. Re1 e4 19. Nd2 Qg5 0-1

[Event "Sparkassen-Open A"]
[Site "Heusenstamm, Martinsee"]
[Date "2019.11.23"]
[Round "5.81"]
[White "Eichner, Christian"]
[Black "Kosak, Matjaz"]
[Result "1-0"]
[WhiteElo "2061"]
[BlackElo "1791"]
[PlyCount "57"]
[EventDate "2019.??.??"]
[WhiteTeam "SV TuR Dresden"]
[BlackTeam "SV Frankfurt Nord"]

1. e4 Nc6 2. d4 d5 3. Nc3 dxe4 4. d5 Nb8 5. Nxe4 Nf6 6. Nxf6+ exf6 7. Be3 Bd6
8. g3 b6 9. Bg2 Nd7 10. Ne2 Ne5 11. Nd4 Nc4 12. Nc6 Nxe3 13. Qe2 Qd7 14. Qxe3+
Kf8 15. O-O-O Bb7 16. Rhe1 Qf5 17. Nd4 Qd7 18. Qd3 g6 19. f4 f5 20. Qc3 f6 21.
Re6 Be7 22. d6 cxd6 23. Bxb7 Qxb7 24. Rde1 Bd8 25. Nc6 Qf7 26. Nxd8 Qd7 27.
Qxf6+ Kg8 28. Re8+ Qxe8 29. Rxe8# 1-0

[Event "Sparkassen-Open A"]
[Site "Heusenstamm, Martinsee"]
[Date "2019.11.23"]
[Round "5.82"]
[White "Hänselmann, Hendrik"]
[Black "Harringer, Manfred"]
[Result "0-1"]
[WhiteElo "1848"]
[BlackElo "2043"]
[PlyCount "119"]
[EventDate "2019.??.??"]
[WhiteTeam "Karlsruher SF"]
[BlackTeam "Bergische SF"]

1. e4 e5 2. Nf3 Nc6 3. Nc3 Nf6 4. a3 d6 5. d4 exd4 6. Nxd4 Be7 7. Bf4 Bd7 8.
Be2 O-O 9. O-O Re8 10. Qd2 Bf8 11. Bf3 Ne5 12. Bg5 h6 13. Bxf6 Qxf6 14. Nd5 Qd8
15. Rfe1 c6 16. Nc3 Qf6 17. b3 c5 18. Nd5 Qg6 19. Qe2 cxd4 20. Nc7 Rac8 21.
Nxe8 Bxe8 22. Bh5 Qg5 23. Rad1 g6 24. Bf3 Bb5 25. Rd3 Bxd3 26. cxd3 Rc1 27.
Rxc1 Qxc1+ 28. Qf1 Nxd3 29. Qxc1 Nxc1 30. Bd1 Na2 31. Bc2 Bg7 32. f4 Kf8 33.
Kf2 Ke7 34. Ke2 Nc3+ 35. Kd3 Nb5 36. a4 Nc7 37. g4 Na6 38. h4 Nb4+ 39. Kd2 Nxc2
40. Kxc2 Bf6 41. Kd3 Bxh4 42. Kxd4 Bf2+ 43. Kd5 h5 44. gxh5 gxh5 45. e5 dxe5
46. Kxe5 h4 47. Ke4 h3 48. Kf3 h2 49. Kg2 Bg3 50. f5 Kf6 51. b4 Kxf5 52. b5 Ke4
53. b6 axb6 54. Kh1 Kd4 55. Kg2 Kc4 56. Kh1 Kb4 57. Kg2 Kxa4 58. Kh1 b5 59. Kg2
b4 60. Kh1 0-1

[Event "Sparkassen-Open A"]
[Site "Heusenstamm, Martinsee"]
[Date "2019.11.23"]
[Round "5.83"]
[White "Altenbernd, Jannis-Domenik"]
[Black "Terwagne, Bertrand"]
[Result "1-0"]
[WhiteElo "2022"]
[BlackElo "1809"]
[PlyCount "71"]
[EventDate "2019.??.??"]
[WhiteTeam "SG Bünde"]
[BlackTeam "CRELEL"]

1. d4 Nf6 2. c4 e6 3. Nc3 d5 4. cxd5 Nxd5 5. e4 Nxc3 6. bxc3 c5 7. Bb5+ Nd7 8.
Qa4 Be7 9. Ne2 O-O 10. O-O a6 11. Bd3 b5 12. Qd1 Bb7 13. Be3 cxd4 14. cxd4 Rc8
15. Qb3 Nb6 16. Rac1 Qd6 17. Qb1 Qb4 18. Qxb4 Bxb4 19. d5 Nd7 20. dxe6 fxe6 21.
Bb1 Ne5 22. f3 Nc4 23. Bf2 Rfd8 24. Nd4 Kf7 25. Nb3 a5 26. Rfd1 Ba3 27. Rxd8
Rxd8 28. Re1 Bb2 29. Nc5 Bc8 30. Bd3 e5 31. Rb1 Ba3 32. Rxb5 Nb2 33. Bc2 a4 34.
Nxa4 Rd2 35. Bb3+ Kg6 36. Rb6+ 1-0

[Event "Sparkassen-Open A"]
[Site "Heusenstamm, Martinsee"]
[Date "2019.11.23"]
[Round "5.84"]
[White "Mehlen, Theodor"]
[Black "Kürschner, Matthias"]
[Result "1/2-1/2"]
[WhiteElo "1839"]
[BlackElo "1993"]
[PlyCount "97"]
[EventDate "2019.??.??"]
[WhiteTeam "SC Matt im Park"]
[BlackTeam "SK Langen"]

1. e4 c5 2. Nc3 g6 3. f4 Bg7 4. Nf3 e6 5. g3 Nc6 6. Bg2 Nge7 7. O-O O-O 8. d3
b6 9. Ne2 Bb7 10. c3 d5 11. Qc2 Rc8 12. Be3 Qc7 13. Bf2 Rfd8 14. Rad1 Qb8 15.
Rfe1 Rd7 16. Nh4 dxe4 17. dxe4 Rcd8 18. Nc1 Ba6 19. Bf3 Na5 20. e5 c4 21. Rxd7
Rxd7 22. Rd1 Qd8 23. Rxd7 Qxd7 24. Qd1 Qxd1+ 25. Bxd1 g5 26. Ng2 Bb7 27. Bd4
gxf4 28. gxf4 Bh6 29. Ne2 Nf5 30. Ba4 Bc6 31. Bxc6 Nxc6 32. Kf2 Kf8 33. Ne3
Nxe3 34. Kxe3 Ne7 35. Ke4 Nd5 36. Be3 Ke7 37. Nd4 Kd7 38. Nc2 Kc6 39. Nd4+ Kd7
40. Nb5 a6 41. Nd6 Nxe3 42. Kxe3 f6 43. Ke4 b5 44. h3 fxe5 45. fxe5 Bc1 46. b3
cxb3 47. axb3 Bb2 48. c4 bxc4 49. Nxc4 1/2-1/2

[Event "Sparkassen-Open A"]
[Site "Heusenstamm, Martinsee"]
[Date "2019.11.23"]
[Round "5.85"]
[White "Björknes, Uwe"]
[Black "Reinhard, Stefan"]
[Result "1-0"]
[WhiteElo "1825"]
[BlackElo "1986"]
[PlyCount "48"]
[EventDate "2019.??.??"]
[WhiteTeam "SK Bad Homburg"]
[BlackTeam "SF Dettingen"]

1. e4 g6 2. h4 h5 3. Nf3 d5 4. exd5 Qxd5 5. Nc3 Qd8 6. d4 Bg4 7. Be2 Nf6 8. Be3
c6 9. Ne5 Bxe2 10. Qxe2 Bg7 11. O-O-O Nbd7 12. Qc4 e6 13. Bg5 Nb6 14. Qb3 Qc7
15. Rhe1 Nbd5 16. Na4 O-O-O 17. c4 Nb6 18. Nc3 Bh6 19. f4 Bxg5 20. hxg5 Ng4 21.
Ne4 Kb8 22. a4 Nc8 23. a5 Nd6 24. Nc5 Nxe5 1-0

[Event "Sparkassen-Open A"]
[Site "Heusenstamm, Martinsee"]
[Date "2019.11.23"]
[Round "5.86"]
[White "Westendorp, Christian"]
[Black "Schmidt, Max"]
[Result "1-0"]
[WhiteElo "1821"]
[BlackElo "1976"]
[PlyCount "75"]
[EventDate "2019.??.??"]
[WhiteTeam "SK Holsterhausen"]
[BlackTeam "Frankfurter TV"]

1. d4 Nf6 2. c4 e6 3. Nf3 Bb4+ 4. Bd2 Qe7 5. a3 Bxd2+ 6. Nbxd2 d6 7. g3 e5 8.
dxe5 dxe5 9. Bg2 O-O 10. O-O a5 11. Ng5 Rd8 12. Qc2 h6 13. Nge4 Nc6 14. e3 Bf5
15. Nxf6+ Qxf6 16. Ne4 Qg6 17. Rfd1 h5 18. Rd5 Be6 19. Rxd8+ Rxd8 20. Rd1 h4
21. Rxd8+ Nxd8 22. Qa4 Nc6 23. Nc3 h3 24. Bf1 Qg4 25. Be2 Qf5 26. b4 axb4 27.
axb4 e4 28. Qc2 Nxb4 29. Qxe4 Qa5 30. Qxb7 Qa1+ 31. Nd1 c5 32. Qe7 Qa8 33. Bf1
Nd3 34. e4 Ne5 35. Ne3 Nf3+ 36. Kh1 Qxe4 37. Qd8+ Kh7 38. Bd3 1-0

[Event "Sparkassen-Open A"]
[Site "Heusenstamm, Martinsee"]
[Date "2019.11.23"]
[Round "5.87"]
[White "Michels, Holger"]
[Black "Schubert, Nikita"]
[Result "1/2-1/2"]
[WhiteElo "1798"]
[BlackElo "1965"]
[PlyCount "35"]
[EventDate "2019.??.??"]
[WhiteTeam "SC ML Kastellaun"]
[BlackTeam "ESV Gera"]

1. c4 Nf6 2. g3 e6 3. Bg2 d5 4. Nf3 Be7 5. O-O O-O 6. b3 c5 7. cxd5 Nxd5 8. Bb2
b6 9. Nc3 Bb7 10. Nxd5 Bxd5 11. d4 Nc6 12. dxc5 Bxc5 13. Re1 Bb4 14. e4 Bxe1
15. Qxe1 Bxb3 16. axb3 Qd3 17. Qc3 Qxc3 18. Bxc3 1/2-1/2

[Event "Sparkassen-Open A"]
[Site "Heusenstamm, Martinsee"]
[Date "2019.11.23"]
[Round "5.88"]
[White "Nickel, Jonas"]
[Black "Lehmann, Tim"]
[Result "1/2-1/2"]
[WhiteElo "1765"]
[BlackElo "1955"]
[PlyCount "47"]
[EventDate "2019.??.??"]
[WhiteTeam "SV Büdingen-Ortenberg"]
[BlackTeam "SV Lahn Limburg"]

1. e4 c5 2. d3 Nc6 3. Nf3 g6 4. g3 Bg7 5. Bg2 e6 6. O-O Nge7 7. Re1 d6 8. c3
O-O 9. Be3 b6 10. Qd2 Bb7 11. Bh6 b5 12. h4 Nc8 13. d4 cxd4 14. cxd4 Nb6 15.
Bxg7 Kxg7 16. Qe2 a6 17. Nbd2 Rc8 18. Bh3 Rc7 19. Qe3 Nb4 20. d5 Nc2 21. Qxb6
Nxa1 22. dxe6 Nc2 23. Rc1 Qe7 24. Nd4 1/2-1/2

[Event "Sparkassen-Open A"]
[Site "Heusenstamm, Martinsee"]
[Date "2019.11.23"]
[Round "5.89"]
[White "Valenta, Richard"]
[Black "Welsch, Roland"]
[Result "0-1"]
[WhiteElo "1938"]
[BlackElo "1802"]
[PlyCount "34"]
[EventDate "2019.??.??"]
[WhiteTeam "SC Kevelaer"]
[BlackTeam "SV Multatuli Ingelheim e.V."]

1. c4 c6 2. Nf3 d5 3. e3 Nf6 4. b3 Bg4 5. Bb2 Nbd7 6. d3 e5 7. Be2 Bxf3 8. Bxf3
Bb4+ 9. Nd2 Nc5 10. Ke2 Nxd3 11. Kxd3 dxc4+ 12. Kxc4 Bxd2 13. b4 b5+ 14. Kc5
Qe7+ 15. Kxc6 Qd7+ 16. Kc5 Rc8+ 17. Bc6 Qxc6# 0-1